Statistics for Ben Whishaw Filmography

Click here to take the quiz!

General Stats

  • This quiz has been taken 14 times
    (6 since last reset)
  • The average score is 24 of 89

Answer Stats

TypeYearName% Correct
Film2012Skyfall
100%
Film2015Spectre
100%
Film2021No Time to Die
80%
Podcast2021No Time to Die: The Official James Bond Podcast
80%
Film2014Paddington
80%
Film2017Paddington 2
80%
TV Show2022This Is Going to Hurt
80%
Film2022Women Talking
60%
Web Mini-Series2018A Very English Scandal
40%
Theater2004Hamlet
40%
Film2004Layer Cake
40%
Film2018Mary Poppins Returns
40%
FilmTBAPaddington in Peru
40%
Theater2010The Pride
40%
Film1999The Trench
40%
Short Film200377 Beds
20%
Theater2017Against
20%
Film2016A Hologram for the King
20%
TV Film2010All Signs of Death
20%
Radio Play2004Arthur
20%
Short Film2000Baby
20%
Film2023Bad Behaviour
20%
Theater2015Bakkhai
20%
Short Film2013Beat
20%
TV Show2000Black Cab
20%
Film2008Brideshead Revisited
20%
Film2009Bright Star
20%
Film2012Cloud Atlas
20%
Radio Play2011Cock
20%
Theater2009Cock
20%
TV Show2008Criminal Justice
20%
Film2014Days and Nights
20%
Film2004Enduring Love
20%
Short Film2017Family Happiness
20%
TV Show2020Fargo
20%
Short FilmTBAGood Boy
20%
Theater2003His Dark Materials
20%
Film2007I'm Not There
20%
Film2015In the Heart of the Sea
20%
Theater2018Julius Caesar
20%
Theater2007Leaves of Glass
20%
Film2014Lilting
20%
FilmTBALimonov: The Ballad of Eddie
20%
Film2019Little Joe
20%
TV Mini-Series2015London Spy
20%
Radio Play2006Look Back in Anger
20%
Short Film2009Love Hate
20%
Theater2005Mercury Fur
20%
Short Film2021Miss Fortunate
20%
Theater2013-2014Mojo
20%
Film2001My Brother Tom
20%
TV Mini-Series2005Nathan Barley
20%
TV Film2018National Theatre Live: Julius Caesar
20%
Theater2019Norma Jeane Baker of Troy
20%
Short Film2019O Holy Ghost
20%
TV Show2000Other People's Children
20%
Short Film2018Palo Santo
20%
Film2022Passages
20%
Film2023Passages
20%
Film2006Perfume: The Story of a Murderer
20%
Theater2013Peter and Alice
20%
TV Show2014Playhouse Presents
20%
Short Film2022Queen Elizabeth and Paddington Bear Film
20%
TV Mini-Series2017Queers
20%
TV Film2003Ready When You Are Mr. McGill
20%
Music Video2014Real
20%
Theater2008...Some Trace of Her
20%
Short Film2003Spiritual Rampage
20%
Film2005Stoned
20%
Film2015Suffragette
20%
Film2020Surge
20%
Documentary2013Teenage
20%
TV Show2019-2020The Adventures of Paddington
20%
TV Film2003The Booze Cruise
20%
Theater2016The Crucible
20%
Film2015The Danish Girl
20%
Film1999The Escort
20%
TV Show2012The Hollow Crown
20%
TV Show2011-2012The Hour
20%
Theater2008The Idiot
20%
Film2009The International
20%
Film2015The Lobster
20%
Short Film2014The Muse
20%
Film2019The Personal History of David Copperfield
20%
Theater2006The Seagull
20%
Film2010The Tempest
20%
Film2013The Zero Theorem
20%
Short Film2023Ungentle
20%
Documentary2015Unity
20%

Score Distribution

Percentile by Number Answered

Percent of People with Each Score

Your Score History

You have not taken this quiz since the last reset